00922cam a2200193 a 450000100100000000500170001000800410002702000220006804000250009008200190011524502320013426001000036630000170046650000450048365000490052865000480057770000370062571000660066200000136720200929145545.0720306s1971 xxc d 000 0ceng d a0802032621 (v. 1) aDO-SdBNPbspacBNPHU a790.0971bC91200aCreative Canada :ba biographical dictionary of twentieth-century creative and performing artists /ccompilación División de Referencia, Biblioteca McPherson, de la Universidad de Victoria ; prólogo Helen McGregor Rodney. a[Toronto] :bMcPherson Biblioteca de la Universidad de Victoria, Universidad de Toronto,c1971. av. ;c26 cm. aLa biblioteca sólo posee el volumen 1. 4aArtisaszCanadáxBiografíaxDictionarios 4aArteszCanadáxBiografíaxDictionarios.1 aMcGregor Rodney, Helen,epról.1 aUniversity of Victoria (B.C.).bLibrary.bReference Division.